Grade Pompiers - Statistiques

Statistiques générales
  • Ce quiz a été pris 3 168 fois
  • Le résultat moyen est 11 sur 13
Statistiques - réponses
Catégorie Grade % Correct
Caporal
96%
Sous-Officiers Sergent
95%
Officiers Lieutenant
94%
Caporal Chef
93%
Sergent Chef
93%
Adjudant
92%
Adjudant Chef
91%
Capitaine
90%
Colonel
87%
Commandant
86%
Lieutenant Colonel
82%
1ère Classe
37%
Homme du rang 2ème Classe
34%
Aucun quiz correspondant
Distribution des résultats
% des personnes avec chaque résultat
Percentile par nombre de réponses
Votre historique - résultats
Vous n’avez pas pris ce quiz